| 000 | 01153nam a22003617a 4500 | ||
|---|---|---|---|
| 005 | 20141218150956.0 | ||
| 010 | _aBAC-CH25 | ||
| 020 |
_a9780439691437 _c250.00 |
||
| 035 | _aB-562091-121 | ||
| 035 | _aG-003054 | ||
| 037 |
_bUBH/Ven _adpl |
||
| 082 | _aS | ||
| 100 | _aStilton, Geronimo | ||
| 245 |
_aSurf's up, Geronimo! / _cby Geronimo Stilton |
||
| 260 |
_aNew York _bScholastic _c2013 |
||
| 270 |
_a557 Braodways _bNew York _e10012 |
||
| 300 |
_a109p.: _bcol.ill. _c20cm(pbk) |
||
| 650 |
_aMice _vJuvenile fiction. |
||
| 650 |
_aVacations _vJuvenile fiction. |
||
| 650 |
_aSeashore _vJuvenile fiction. |
||
| 650 |
_aHotels _vJuvenile fiction. |
||
| 650 |
_aMice _vFiction. |
||
| 650 |
_aVacations _vFiction. |
||
| 650 |
_aSeashore _vFiction. |
||
| 650 |
_aHotels, motels, etc. _vFiction. |
||
| 650 |
_aJournalists _vFiction. |
||
| 650 | _aHumorous stories. | ||
| 700 | _aKeys, Larry | ||
| 700 | _aTopraska, Toprika | ||
| 942 |
_2ddc _cCH _hS _mSTI |
||
| 999 |
_c33296 _d33296 |
||